| 000 | 00909cam a2200241 i 4500 | ||
|---|---|---|---|
| 003 | SA-RiAUC | ||
| 005 | 20260419142225.0 | ||
| 008 | 260419s1998 ua g 000r0 ara c | ||
| 040 |
_aSA-RiAUC _bara _cSA-RiAUC _erda |
||
| 082 | 0 | 4 | _a252.3 |
| 090 |
_a252.3 _bج ز ا |
||
| 100 | 1 |
_aالجزار، عبد المعز عبد الحميد. _eمؤلف. |
|
| 245 | 1 | 0 |
_aمع الصائمين في شهر المغفرة والغفران / _cعبد المعز عبد الحميد الجزار. |
| 264 | 1 |
_aالقاهرة : _bمجلة الأزهر، _c[1998] |
|
| 300 |
_a72 صفحة ؛ _c20 سم |
||
| 336 |
_aنص _btxt _2rdacontent _3كتاب |
||
| 337 |
_aبدون وسيط _bn _2rdamedia |
||
| 338 |
_aمجلد _bnc _2rdacarrier |
||
| 650 | 7 |
_aالصوم (إسلام) _2aucsh |
|
| 650 | 7 |
_aالعبادات (فقه إسلامي) _2aucsh |
|
| 942 |
_2ddc _cBOOK _n0 |
||
| 949 |
_aSA-JeALM _d260419 _umohamedma123 _n1 |
||
| 999 |
_c14835 _d14835 |
||